Simposio: páramos y alta montaña gestión adaptativa de los ecosistemas, para el bienestar de la sociedad Colombiana (Registro nro. 19360)
[ vista simple ]
| 000 -CABECERA | |
|---|---|
| Campo de control | 00666ngm a22001937a 4500 |
| 005 - FECHA Y HORA DE LA ULTIMA TRANSACCION | |
| Campo de control | 20200104041754.0 |
| 008 - ELEMENTOS DE LONGITUD FIJA—INFORMACION GENERAL | |
| Campo de control | 170223b xxu||||| |||| 00| 0 spa d |
| 040 ## - FUENTE DE CATALOGACIÓN | |
| Agencia catalogadora original | CO-BoIAVH |
| Agencia transcriptora | CO-BoIAVH |
| 041 ## - IDIOMA | |
| Código de idioma para texto/pista de sonido o título separado | Español |
| 090 ## - CLASIFICACIÓN LOCAL | |
| Colección | MM |
| Consecutivo | 00408 |
| 110 1# - ASIENTO PRINCIPAL--NOMBRE CORPORATIVO | |
| Nombre corporativo o de jurisdicción como elemento de entrada | Instituto de Investigación de Recursos Biológicos Alexander von Humboldt |
| 111 ## - ASIENTO PRINCIPAL--NOMBRE DE REUNION | |
| Nombre de reunión o de jurisdicción como elemento de entrada | Simposio: páramos y alta montaña |
| Fecha de la reunión | 15 de mayo de 2012 |
| 245 1# - MENCION DE TITULO | |
| Título | Simposio: páramos y alta montaña gestión adaptativa de los ecosistemas, para el bienestar de la sociedad Colombiana |
| 257 ## - PAIS DE LA ENTIDAD PRODUCTORA DE FILMES DE ARCHIVO | |
| País de la entidad productora | Colombia |
| 300 ## - DESCRIPCION FISICA | |
| Extensión | Video |
| 650 16 - ASIENTO SECUNDARIO DE MATERIA - TERMINO TEMATICO | |
| Término temático o nombre geográfico como elemento de entrada | Páramos |
| 650 16 - ASIENTO SECUNDARIO DE MATERIA - TERMINO TEMATICO | |
| Término temático o nombre geográfico como elemento de entrada | Ecosistemas |
| 942 ## - ELEMENTOS ADICIONALES (KOHA) | |
| Sistema de clasificación | Local |
| Tipo de ítem | DVD |
| Withdrawn status | Lost status | Sistema de Clasificación | Damaged status | No para préstamo | Colección | Ubicación Permanente | Ubicación actual | Fecha de adquisición | Total Checkouts | Número topográfico | Inventario / Código de Barras | Date last seen | Ejemplar | Price effective from | Forma de adquisición | Tipo de material |
|---|---|---|---|---|---|---|---|---|---|---|---|---|---|---|---|---|
| Local | Recursos electrónicos | Bogotá | Bogotá | 23/02/2017 | MM-00408 | 042599 | 23/02/2017 | V.1Ej.2 | 23/02/2017 | Institucional | DVD | |||||
| Local | Recursos electrónicos | Bogotá | Bogotá | 23/02/2017 | MM-00408 | 042598 | 23/02/2017 | V.1Ej.1 | 23/02/2017 | DVD |